Thi ca bình dân Việt Nam Tòa lâu đài văn hóa dân tộc T.2 Xã hội quan
vv
Đã lưu trong:
| Tác giả chính: | |
|---|---|
| Định dạng: | Sách |
| Năm xuất bản: |
H.
Hội nhà văn
1998
|
| Chủ đề: | |
| Tags: |
Thêm thẻ
Không có thẻ, Hãy là người đầu tiên gắn thẻ bản ghi này!
|
| LEADER | 01068nam a2200205 4500 | ||
|---|---|---|---|
| 082 | |a 398.8 |b NG527T | ||
| 100 | |a Nguyễn Tấn Long | ||
| 245 | |a Thi ca bình dân Việt Nam |c Nguyễn Tấn Long, Phan Canh |n T.2 |b Tòa lâu đài văn hóa dân tộc |p Xã hội quan | ||
| 260 | |a H. |b Hội nhà văn |c 1998 | ||
| 300 | |a 754tr. |c 21cm | ||
| 520 | |a vv | ||
| 653 | |a Văn học dân gian | ||
| 653 | |a Việt Nam | ||
| 653 | |a Ca dao | ||
| 653 | |a Tục ngữ | ||
| 942 | |2 ddc |c STK0 | ||
| 999 | |c 4440 |d 4440 | ||
| 952 | |0 0 |1 0 |2 ddc |4 0 |6 398_800000000000000_NG527T |7 0 |8 300 |9 43609 |a qbu |b qbu |c D2 |d 2014-12-19 |g 70000 |o 398.8 NG527T |p 3815.C1 |r 0000-00-00 |w 2014-12-19 |y STK0 |0 0 |6 398_800000000000000_NG527T | ||
| 952 | |0 0 |1 0 |2 ddc |4 0 |6 398_800000000000000_NG527T |7 0 |8 300 |9 43610 |a qbu |b qbu |c D2 |d 2014-12-19 |g 70000 |o 398.8 NG527T |p 3815.C2 |r 0000-00-00 |w 2014-12-19 |y STK0 |0 0 |6 398_800000000000000_NG527T | ||
| 952 | |0 0 |1 0 |2 ddc |4 0 |6 398_800000000000000_NG527T |7 0 |8 300 |9 43611 |a qbu |b qbu |c D2 |d 2014-12-19 |g 70000 |l 1 |o 398.8 NG527T |p 3815.C3 |r 2015-05-08 |s 2015-04-14 |w 2014-12-19 |y STK0 |0 0 |6 398_800000000000000_NG527T | ||